00277nam a2200097Ia 4500008004100000100002500041245005700066260003000123300000800153650001800161191201s2012 xx 000 0 und d aMOHANTY, Biswaranjan 0aComparative Politics and Political Analysis MA(F)REV aN. DelhibVikas Pubc2012 a288 aGeneral Books